إتجاهات شعراء شمال الأردن 1920 - 1980 / (رقم التسجيلة. 12217)

تفاصيل مارك
000 -LEADER
fixed length control field 00590nam a22001937a 4500
005 - DATE AND TIME OF LATEST TRANSACTION
control field 20251108164712.0
008 - FIXED-LENGTH DATA ELEMENTS--GENERAL INFORMATION
fixed length control field 250721s1985 xx 000 0 ara d
082 14 - DEWEY DECIMAL CLASSIFICATION NUMBER
Classification number 811.909565/مهي
100 1# - MAIN ENTRY--PERSONAL NAME
Personal name مهيدات، محمود محسن فالح
245 10 - TITLE STATEMENT
Title إتجاهات شعراء شمال الأردن 1920 - 1980 /
264 1# - PRODUCTION, PUBLICATION, DISTRIBUTION, MANUFACTURE, AND COPYRIGHT NOTICE
Place of production, publication, distribution, manufacture عمان :
Name of producer, publisher, distributor, manufacturer دار ابن رشد،
Date of production, publication, distribution, manufacture, or copyright notice 1985.
300 ## - PHYSICAL DESCRIPTION
Extent 313ص.
650 17 - SUBJECT ADDED ENTRY--TOPICAL TERM
Topical term or geographic name as entry element الشعر العربي
650 17 - SUBJECT ADDED ENTRY--TOPICAL TERM
Topical term or geographic name as entry element التاريخ الأدبي
650 17 - SUBJECT ADDED ENTRY--TOPICAL TERM
Topical term or geographic name as entry element النقد الأدبي
650 17 - SUBJECT ADDED ENTRY--TOPICAL TERM
Topical term or geographic name as entry element الأردن
942 ## - ADDED ENTRY ELEMENTS (KOHA)
Source of classification or shelving scheme Dewey Decimal Classification
Koha item type كتب
المقتنيات
حالة السحب حالة الفقدان مصدر التصنيف حالة التلف غير قابل للإعارة المكتبة الرئيسية المكتبة الحالية موقع الرف تاريخ التزويد الرقم المتسلسل Total Checkouts رقم الإستدعاء الباركود تاريخ آخر ظهور تاريخ الفاتورة نوع المادة (كوها)
    Dewey Decimal Classification     مكتبة أبو علندا العامة مكتبة أبو علندا العامة الإعارة 12/07/2004 663   811.909565/مهي 663 28/07/2025 12/07/2004 كتب
    Dewey Decimal Classification   Not For Loan مكتبة تاريخ الأردن مكتبة تاريخ الأردن لا يعار 11/11/2014 1585880   811.909565/مهي PLD00310033 28/07/2025 11/11/2014 كتب
Implemented & Customized by: BBB with SCIT (Smart Chains for Information Technology)

Powered by Koha